| 000 | 00788nam a22002417a 4500 | ||
|---|---|---|---|
| 999 |
_c22425 _d22425 |
||
| 003 | OSt | ||
| 005 | 20220610112616.0 | ||
| 008 | 180228s2017 pe 000 0 spa | ||
| 020 | _a9786124095733 | ||
| 040 | _cBiblioteca Municipal de Cusco | ||
| 082 |
_a869.56/P2386P _bP2386P |
||
| 100 | 1 |
_aPantigozo Montes, Jaime A. _d1946- _eautor _948131 |
|
| 245 | 1 | 0 |
_aPresentimiento / _cJaime A. Pantigozo Montes |
| 250 | _aPrimera edición | ||
| 264 | 1 |
_aLima : _bLluvia Editores, _c2017. |
|
| 300 |
_a180 páinas ; _c24 cm. |
||
| 490 |
_aColección Luis Fernando Vidal. Serie Sahumerio ; _v2 |
||
| 500 | _aRelatos. | ||
| 504 | _aBibliografía: p. 179. | ||
| 650 |
_aCuentos peruanos _ySiglo XX _947958 |
||
| 700 |
_aSánchez Cerrón, Josué _d1945- _eilustrador _948132 |
||
| 942 |
_2ddc _cLIBROS |
||